000 00748nam a2200253Ia 4500
003 GCL
008 140319s9999 xx 000 0 ara d
040 _aGCL /
_cGCL
082 0 4 _a240
_bم ص
100 1 _aمحمد الصالح العثيمن
245 1 0 _aالصيد الثمين فى رسائل ابن عثيمين /
_cمحمد الصالح العثيمن
300 _a363 ص
490 _aكتاب
_v0
650 0 4 _aالاسلام
650 0 4 _aالعقائد
650 0 4 _aالتوحيد
650 0 4 _aالفرق الاسلامية
650 0 4 _aالاسماء الحسنى
650 0 4 _aالقران - تفسير
650 0 4 _aالصفات
650 0 4 _aاهل السنة
650 0 4 _aعلم الكلام
942 _2ddc
_cBK
999 _c41751
_d41751